[Event "DMP - III LIGA SZACHOWA SENIOROW PK 2016"]
[Site "Czudec"]
[Date "2016.??.??"]
[Round "5.1"]
[White "Rawicz, Karol"]
[Black "Czajkowski, Ryszard"]
[Result "1-0"]
[WhiteElo "2228"]
[BlackElo "2076"]
[Annotator "Szachy"]
[PlyCount "85"]
[EventDate "2016.??.??"]

1. d4 {[%emt 0:00:00]} Nf6 {[%emt 0:00:00]} 2. c4 g6 3. Nc3 d5 4. Nf3 Bg7 5. h4
c6 6. Qb3 dxc4 7. Qxc4 b5 8. Qb3 Be6 9. Qc2 b4 10. Na4 Bf5 11. Qc4 a5 12. Bf4
O-O 13. e3 Be4 14. Bd3 Bxd3 15. Qxd3 Nbd7 16. Rc1 Nb6 17. Nxb6 Qxb6 18. h5 Rac8
19. hxg6 hxg6 20. Qc4 Nd7 21. Bh6 Qb5 22. Bxg7 Kxg7 23. Qxb5 cxb5 24. Ke2 e6
25. e4 f6 26. Rcd1 Nb6 27. Ne1 Na4 28. Nd3 Kf7 29. Ke3 Ke7 30. Rc1 Rxc1 31.
Rxc1 Kd7 32. b3 Nc3 33. a3 Rc8 34. axb4 axb4 35. Ra1 f5 36. f3 g5 37. Nxb4 g4
38. Kd3 gxf3 39. gxf3 fxe4+ 40. fxe4 e5 41. dxe5 Ke6 42. Rc1 Rd8+ 43. Kxc3 1-0

[Event "DMP - III LIGA SZACHOWA SENIOROW PK 2016"]
[Site "Czudec"]
[Date "2016.??.??"]
[Round "5.2"]
[White "Czarnecki, Wojciech"]
[Black "Fistek, Dariusz"]
[Result "0-1"]
[WhiteElo "2014"]
[BlackElo "2239"]
[PlyCount "112"]
[EventDate "2016.??.??"]

1. e4 c5 2. Nc3 Nc6 3. Bc4 Nf6 4. d3 e6 5. Bg5 Be7 6. f4 d6 7. Nf3 h6 8. Bxf6
Bxf6 9. Qd2 a6 10. a4 Bd7 11. O-O O-O 12. Rae1 Nd4 13. e5 Nxf3+ 14. Rxf3 dxe5
15. fxe5 Bh4 16. Ref1 Bc6 17. Rh3 Bg5 18. Qe2 Rb8 19. Kh1 b5 20. axb5 axb5 21.
Bb3 Qd4 22. Rg3 b4 23. Rg4 Qe3 24. Qxe3 Bxe3 25. Ne4 Bxe4 26. Rxe4 Bd4 27. Rb1
Ra8 28. g4 g5 29. Kg2 Ra5 30. Kf3 Rfa8 31. Ree1 Kg7 32. Ke4 Rd8 33. Bc4 Bf2 34.
Rf1 Rd4+ 35. Kf3 Rf4+ 36. Ke2 Bd4 37. Rxf4 gxf4 38. Kf3 Bxe5 39. Ke4 Kf6 40. h4
Bd6 41. Rg1 Ra8 42. Kf3 Be5 43. Rb1 Ke7 44. Ke4 Kd6 45. Kf3 Bf6 46. h5 Be5 47.
Rg1 Bd4 48. Rb1 Ke5 49. Re1+ Be3 50. Rd1 Ra7 51. Re1 f5 52. gxf5 Kxf5 53. Rh1
Rg7 54. Rh2 Rg3+ 55. Ke2 Bd4 56. Kf1 f3 0-1

[Event "DMP - III LIGA SZACHOWA SENIOROW PK 2016"]
[Site "Czudec"]
[Date "2016.??.??"]
[Round "5.3"]
[White "Muc, Marcin"]
[Black "Baniak, Lukasz"]
[Result "1-0"]
[WhiteElo "2128"]
[BlackElo "1844"]
[Annotator "Szachy"]
[PlyCount "49"]
[EventDate "2016.??.??"]

1. d4 {[%emt 0:00:00]} Nf6 {[%emt 0:00:00]} 2. Nf3 e6 3. g3 d5 4. Bg2 c5 5. O-O
Nbd7 6. c4 dxc4 7. Qa4 a6 8. Nc3 Nd5 9. dxc5 Bxc5 10. Qxc4 b5 11. Qb3 Bb7 12.
Ng5 N7f6 13. Nxb5 Rb8 14. Nd4 Nd7 15. Ndxe6 fxe6 16. Nxe6 Qa5 17. Bxd5 Bc6 18.
Qd3 Bb5 19. Qe4 Nf6 20. Nxg7+ Kf8 21. Qf5 Be7 22. Bh6 Bd7 23. Nh5+ Ke8 24.
Nxf6+ Bxf6 25. Qxf6 1-0

[Event "DMP - III LIGA SZACHOWA SENIOROW PK 2016"]
[Site "Czudec"]
[Date "2016.??.??"]
[Round "5.5"]
[White "Krzywon, Leszek"]
[Black "Nowicki, Andrzej"]
[Result "1/2-1/2"]
[WhiteElo "1838"]
[BlackElo "1845"]
[Annotator "Szachy"]
[PlyCount "99"]
[EventDate "2016.??.??"]

1. e4 {[%emt 0:00:00]} e5 {[%emt 0:00:00]} 2. Nc3 {[%emt 0:00:00]} Nf6 3. Nf3
Bb4 4. Bc4 d6 5. d3 Bg4 6. O-O c6 7. Bg5 Nbd7 8. a3 Bxc3 9. bxc3 Qa5 10. Bd2 d5
11. Bb3 Qc7 12. h3 Bxf3 13. Qxf3 dxe4 14. dxe4 h6 15. Rfe1 g5 16. Rad1 O-O-O
17. Bxf7 Rdf8 18. Be6 Kb8 19. Bxd7 Nxd7 20. Qe2 Rhg8 21. f3 h5 22. Be3 Nf6 23.
Bc5 Rd8 24. Rxd8+ Rxd8 25. Rd1 b6 26. Rxd8+ Qxd8 27. Be3 g4 28. hxg4 hxg4 29.
Bg5 g3 30. Qe1 Qd6 31. Bxf6 Qxf6 32. Qxg3 Qd6 33. Qg8+ Kb7 34. Qb3 Qd1+ 35. Kh2
Qd2 36. Qf7+ Ka6 37. Qc4+ Kb7 38. Qd3 Qh6+ 39. Kg3 Kc7 40. c4 Qf4+ 41. Kf2 Qh4+
42. Kg1 Qe1+ 43. Qf1 Qe3+ 44. Qf2 Qxa3 45. g4 Qc1+ 46. Kg2 a5 47. Qe2 a4 48. c5
b5 49. Qd3 Kc8 50. Qd6 1/2-1/2

[Event "DMP - III LIGA SZACHOWA SENIOROW PK 2016"]
[Site "Czudec"]
[Date "2016.??.??"]
[Round "5.6"]
[White "Burdzy, Joanna"]
[Black "Wolowiec-musial, Malgorzata"]
[Result "1-0"]
[WhiteElo "1660"]
[BlackElo "1857"]
[Annotator "Szachy"]
[PlyCount "75"]
[EventDate "2016.??.??"]

1. e4 {[%emt 0:00:00]} e5 2. Nf3 Nc6 3. Bc4 Bc5 4. c3 Bb6 5. d3 d6 6. O-O Nf6
7. Bb3 Bg4 8. Nbd2 a6 9. h3 Bd7 10. Re1 Qe7 11. Nc4 Ba7 12. Be3 O-O 13. Bg5 h6
14. Bh4 b5 15. Ne3 Bxe3 16. fxe3 Be6 17. Bc2 Kh8 18. d4 Bd7 19. Rf1 Rg8 20.
Bxf6 gxf6 21. Kh2 Rg7 22. Nh4 Rg5 23. Qf3 f5 24. exf5 Qf6 25. Be4 Rag8 26. Bxc6
Rg3 27. Ng6+ R8xg6 28. fxg6 Rxf3 29. Rxf3 Qxg6 30. Bxd7 e4 31. Bf5 Qg5 32. Bxe4
Qe7 33. Bd5 f6 34. Raf1 h5 35. Rxf6 Qxe3 36. R1f3 Qg5 37. Rf8+ Kh7 38. R3f7+
1-0

[Event "DMP - III LIGA SZACHOWA SENIOROW PK 2016"]
[Site "Czudec"]
[Date "2016.??.??"]
[Round "5.7"]
[White "Mroczek, Jacek"]
[Black "Lewicki, Miroslaw"]
[Result "0-1"]
[WhiteElo "1923"]
[BlackElo "2319"]
[Annotator "Szachy"]
[PlyCount "68"]
[EventDate "2016.??.??"]

1. d4 {[%emt 0:00:00]} Nf6 {[%emt 0:00:00]} 2. c4 e6 3. Nc3 d5 4. Bg5 Nbd7 5.
e3 Be7 6. Nf3 b6 7. cxd5 exd5 8. Bd3 O-O 9. Qc2 Bb7 10. O-O-O Ne4 11. h4 f5 12.
Rdg1 c5 13. g4 c4 14. Bxe4 fxe4 15. Bxe7 Qxe7 16. Ng5 a6 17. f4 b5 18. Ne2 b4
19. f5 a5 20. Ne6 Rfc8 21. g5 a4 22. h5 c3 23. Kd1 b3 24. axb3 axb3 25. Qxb3
Ra1+ 26. Kc2 cxb2+ 27. Kxb2 Ra6 28. h6 Rb6 29. hxg7 Rxb3+ 30. Kxb3 Rc4 31. Nc5
Nxc5+ 32. dxc5 Qxc5 33. Nd4 Rb4+ 34. Ka3 Qa5# 0-1

[Event "DMP - III LIGA SZACHOWA SENIOROW PK 2016"]
[Site "Czudec"]
[Date "2016.??.??"]
[Round "5.8"]
[White "Sygulski, Pawel"]
[Black "Mytych, Rafal"]
[Result "1/2-1/2"]
[WhiteElo "2182"]
[BlackElo "1768"]
[Annotator "Szachy"]
[PlyCount "98"]
[EventDate "2016.??.??"]

1. d4 {[%emt 0:00:00]} Nf6 {[%emt 0:00:00]} 2. g3 g6 3. Bg2 Bg7 4. Nf3 O-O 5.
O-O d6 6. c4 c5 7. dxc5 dxc5 8. Nc3 Nc6 9. Be3 Be6 10. Qa4 Qb6 11. Qb5 Nd7 12.
Ng5 Nd4 13. Bxd4 cxd4 14. Nxe6 dxc3 15. Nxg7 cxb2 16. Rab1 Qxb5 17. cxb5 Nc5
18. Rxb2 Kxg7 19. Rc1 Rac8 20. b6 axb6 21. Rxb6 Rc7 22. Bf3 Ra8 23. Rb5 Rac8
24. Kg2 Kf6 25. Rc4 e6 26. a4 Ke7 27. Bxb7 Nxb7 28. Rxb7 Rxb7 29. Rxc8 Ra7 30.
Rc4 Kd6 31. e4 f6 32. Kf3 Rb7 33. h4 Rb3+ 34. Kg4 Ra3 35. f4 Rb3 36. Rd4+ Ke7
37. Kh3 Ra3 38. Rb4 Kd6 39. Rb6+ Ke7 40. Rb7+ Kf8 41. Rb4 Kf7 42. Kg4 f5+ 43.
Kh3 fxe4 44. Rxe4 h5 45. Rb4 Kf6 46. Rc4 Ra2 47. Re4 Kf7 48. Rd4 Kf6 49. Rb4
Ra3 1/2-1/2

[Event "DMP - III LIGA SZACHOWA SENIOROW PK 2016"]
[Site "Czudec"]
[Date "2016.??.??"]
[Round "5.9"]
[White "Lusio, Daniel"]
[Black "Mika, Tomasz"]
[Result "1/2-1/2"]
[WhiteElo "1877"]
[BlackElo "2051"]
[Annotator "Szachy"]
[PlyCount "71"]
[EventDate "2016.??.??"]

1. e4 {[%emt 0:00:00]} d5 {[%emt 0:00:00]} 2. exd5 {[%emt 0:00:00]} Qxd5 3. d4
Nf6 4. Nf3 c6 5. c4 Qa5+ 6. Nc3 Bf5 7. Bd3 e6 8. O-O Bxd3 9. Qxd3 Bd6 10. Ne4
Nxe4 11. Qxe4 Qh5 12. h3 Nd7 13. Bf4 Be7 14. Rad1 O-O 15. Qe3 Qf5 16. a3 Rac8
17. Bg3 Rfd8 18. Qb3 b5 19. cxb5 cxb5 20. d5 Nc5 21. Qxb5 exd5 22. Be5 a5 23.
Qe2 Qe4 24. Rfe1 Qxe2 25. Rxe2 Ne4 26. Bd4 Kf8 27. Kf1 f6 28. Nd2 Nd6 29. Rde1
Rd7 30. Bc3 Nf5 31. g4 d4 32. Bxa5 Nd6 33. Bb4 Rc6 34. Re6 Kf7 35. Nb3 Rb6 36.
Nxd4 1/2-1/2

[Event "DMP - III LIGA SZACHOWA SENIOROW PK 2016"]
[Site "Czudec"]
[Date "2016.??.??"]
[Round "5.10"]
[White "Gawiec, Konrad"]
[Black "Klis, Michal"]
[Result "1-0"]
[WhiteElo "1987"]
[BlackElo "1654"]
[Annotator "Szachy"]
[PlyCount "136"]
[EventDate "2016.??.??"]

1. Nf3 {[%emt 0:00:00]} d5 {[%emt 0:00:00]} 2. g3 Nf6 3. Bg2 e6 4. d3 c5 5.
Nbd2 Nc6 6. O-O e5 7. e4 d4 8. Nc4 Bd6 9. Nh4 b5 10. Nxd6+ Qxd6 11. a4 b4 12.
Nf5 Bxf5 13. exf5 Rc8 14. f4 Kd8 15. Re1 Re8 16. Qf3 Re7 17. Bd2 h5 18. h3 g6
19. fxg6 fxg6 20. Re2 Nd7 21. Rae1 Kc7 22. f5 Rf8 23. Bg5 Ref7 24. Qxc6+ Qxc6
25. Bxc6 Kxc6 26. fxg6 Rf5 27. Bh4 Rg8 28. Rf1 Rxf1+ 29. Kxf1 Rxg6 30. Kg2 Kd6
31. Rf2 Ke6 32. b3 a6 33. Rf1 Rg7 34. Rf2 Rg6 35. Kf3 Rg7 36. Ke4 Rh7 37. Bg5
Rg7 38. h4 Rg8 {[%emt 0:00:00]} 39. Rf1 Rg6 40. Kf3 Rg8 41. Kg2 Rg7 42. Kh3 Rg8
43. g4 hxg4+ 44. Kxg4 Rf8 45. Rxf8 Nxf8 46. h5 Nh7 47. Bd8 e4 48. dxe4 c4 49.
Ba5 d3 50. Bxb4 dxc2 51. Ba3 cxb3 52. Kf4 Kf7 53. e5 Ke6 54. h6 a5 55. Bc1 Nf8
56. Ke4 Nh7 57. Kd4 Nf8 58. Ke4 Nh7 59. Kd4 Nf8 60. Bb2 Kf5 61. Kd5 Kg6 62. Ba3
Kf7 63. Kc4 Kg6 64. Kxb3 c1=Q 65. Bxc1 Kf5 66. Bd2 Kxe5 67. Bxa5 Kd5 68. Bd2
Kc5 1-0

[Event "DMP - III LIGA SZACHOWA SENIOROW PK 2016"]
[Site "Czudec"]
[Date "2016.??.??"]
[Round "5.11"]
[White "Skiba, Krzysztof"]
[Black "Kucharski, Bartlomiej"]
[Result "0-1"]
[WhiteElo "1690"]
[BlackElo "1667"]
[Annotator "Szachy"]
[PlyCount "58"]
[EventDate "2016.??.??"]

1. e4 {[%emt 0:00:00]} d5 {[%emt 0:00:00]} 2. exd5 {[%emt 0:00:00]} Qxd5 {
[%emt 0:00:03]} 3. d4 c6 {[%emt 0:00:00]} 4. Nf3 Bf5 5. c4 Qa5+ 6. Nc3 Nf6 7.
Bd2 Nbd7 8. Qe2 e6 9. c5 Be7 10. Nh4 Bg4 11. f3 Bh5 12. a3 Qc7 13. g3 b6 14. b4
a5 15. Rc1 O-O 16. Bf4 Qb7 17. Bh3 axb4 18. axb4 bxc5 19. bxc5 Qb4 20. Qd2 Ra3
21. O-O Rd8 22. Ne4 Qxd2 23. Nxd2 Nd5 24. Ng2 g5 25. Bd6 Rd3 26. Bxe7 Nxe7 27.
Ne4 h6 28. g4 Bg6 29. Rcd1 Bxe4 0-1

[Event "DMP - III LIGA SZACHOWA SENIOROW PK 2016"]
[Site "Czudec"]
[Date "2016.??.??"]
[Round "5.13"]
[White "Zaskalski, Arkadiusz"]
[Black "Lach, Ireneusz"]
[Result "1-0"]
[WhiteElo "2158"]
[BlackElo "1984"]
[PlyCount "73"]
[EventDate "2016.??.??"]

1. Nf3 Nf6 2. c4 g6 3. g3 Bg7 4. Bg2 O-O 5. Nc3 c5 6. d4 cxd4 7. Nxd4 Nc6 8.
O-O Nxd4 9. Qxd4 d6 10. Qd3 Nd7 11. b3 Ne5 12. Qd2 Nc6 13. Bb2 Be6 14. Rfd1 Rc8
15. Rac1 Qa5 16. e4 Qh5 17. Nd5 Bxb2 18. Qxb2 Bg4 19. Re1 f6 20. b4 Kf7 21. c5
e5 22. cxd6 Nd4 23. Rc7+ Rxc7 24. dxc7 Rc8 25. f4 Be6 26. fxe5 Qxe5 27. Qf2 Kg7
28. a4 b5 29. a5 Nc6 30. Rd1 Bf7 31. Qc5 Bxd5 32. exd5 Qe2 33. Rf1 Ne5 34. d6
Nc4 35. d7 Ne3 36. Qe7+ Kh6 37. Qe4 1-0

[Event "DMP - III LIGA SZACHOWA SENIOROW PK 2016"]
[Site "Czudec"]
[Date "2016.??.??"]
[Round "5.14"]
[White "Lach, Dariusz"]
[Black "Kopacz, Grzegorz"]
[Result "1/2-1/2"]
[WhiteElo "1795"]
[BlackElo "2145"]
[PlyCount "65"]
[EventDate "2016.??.??"]

1. d4 Nf6 2. Nf3 g6 3. g3 Bg7 4. Bg2 O-O 5. O-O d5 6. c3 Nbd7 7. Re1 c5 8. Nbd2
b6 9. Nf1 Bb7 10. Bf4 Ne4 11. Rc1 Rc8 12. Bh3 e6 13. Bg2 Qe7 14. a3 g5 15. Bd2
g4 16. Nh4 cxd4 17. cxd4 Bxd4 18. Bxe4 dxe4 19. Bh6 Qf6 20. e3 Rxc1 21. Qxc1
Qxh6 22. exd4 Qxc1 23. Rxc1 Rc8 24. Rxc8+ Bxc8 25. Ne3 h5 26. Nhg2 Nf6 27. Kf1
Ba6+ 28. Ke1 Kf8 29. Kd2 Ke7 30. Nf4 Kd7 31. Kc3 Bb5 32. b3 Ba6 33. Kc2 1/2-1/2

[Event "DMP - III LIGA SZACHOWA SENIOROW PK 2016"]
[Site "Czudec"]
[Date "2016.??.??"]
[Round "5.16"]
[White "Lach, Mateusz"]
[Black "Wilk, Tomasz"]
[Result "0-1"]
[WhiteElo "1426"]
[BlackElo "1843"]
[Annotator "Szachy"]
[PlyCount "116"]
[EventDate "2016.??.??"]

1. d4 {[%emt 0:00:00]} Nf6 2. c4 e6 3. e3 Bb4+ 4. Bd2 Bxd2+ 5. Nxd2 d6 6. g3
Nc6 7. Bg2 e5 8. d5 Ne7 9. Ne2 O-O 10. O-O a5 11. a3 a4 12. e4 Nd7 13. f4 f5
14. b4 axb3 15. Nxb3 b6 16. a4 exf4 17. Nxf4 Ne5 18. Qc2 g5 19. Ne6 Bxe6 20.
dxe6 f4 21. Nd4 N7g6 22. Qb3 Kh8 23. Qc3 Qf6 24. h3 Ra5 25. Nb3 Ra7 26. a5 bxa5
27. Rxa5 Rxa5 28. Qxa5 c5 29. Qa6 Qe7 30. Rd1 Rd8 31. g4 f3 32. Bf1 Nf4 33. Kf2
Nxe6 34. Qb6 Qf8 35. Rd5 Nf4 36. Rxe5 dxe5 37. Qxc5 Qf6 38. Qe3 Ra8 39. Nc1 Qd6
40. c5 Qd1 41. Qc3 Qd4+ 42. Qxd4 exd4 43. c6 Ra3 44. c7 Rc3 45. Nd3 Nxd3+ 46.
Bxd3 Rxc7 47. Kxf3 Rf7+ 48. Ke2 Kg7 49. Bc4 Rd7 50. e5 Re7 51. Kd3 Rxe5 52.
Kxd4 Re1 53. Bd5 Rg1 54. Ke4 Rg3 55. Kf5 h6 56. Bc6 Rxh3 57. Be8 Rf3+ 58. Ke4
Rf4+ 0-1

[Event "DMP - III LIGA SZACHOWA SENIOROW PK 2016"]
[Site "Czudec"]
[Date "2016.??.??"]
[Round "5.19"]
[White "Dubas, Leszek"]
[Black "Lewtak, Damian"]
[Result "0-1"]
[WhiteElo "2130"]
[BlackElo "2323"]
[Annotator "Szachy"]
[PlyCount "40"]
[EventDate "2016.??.??"]

1. g3 {[%emt 0:00:00]} e5 {[%emt 0:00:00]} 2. Bg2 Nf6 3. d3 Nc6 4. Nf3 Be7 5.
O-O d5 6. c3 Bf5 7. Nbd2 O-O 8. Qc2 e4 9. dxe4 Nxe4 10. Nxe4 Bxe4 11. Qb3 a6
12. a4 Na5 13. Qa2 c5 14. Bh3 d4 15. Nd2 Bd5 16. c4 Bc6 17. b3 Re8 18. Ba3 b6
19. Qc2 Bg5 20. Nf3 d3 0-1

[Event "DMP - III LIGA SZACHOWA SENIOROW PK 2016"]
[Site "Czudec"]
[Date "2016.??.??"]
[Round "5.20"]
[White "Lewtak, Dominik"]
[Black "Augustyn, Sebastian"]
[Result "0-1"]
[WhiteElo "2065"]
[BlackElo "2106"]
[Annotator "Szachy"]
[PlyCount "66"]
[EventDate "2016.??.??"]

1. e4 {[%emt 0:00:00]} c5 {[%emt 0:00:00]} 2. Nf3 g6 3. d4 Bg7 4. c3 cxd4 5.
cxd4 Nf6 6. Nc3 O-O 7. Bc4 Nxe4 8. Bxf7+ Rxf7 9. Nxe4 d5 10. Neg5 Rf8 11. Ne5
Nc6 12. f4 Nxe5 13. fxe5 Qb6 14. Nf3 Bg4 15. b3 Rac8 16. Qd3 Bxf3 17. gxf3 Rf5
18. Bd2 Qc7 19. O-O Rcf8 20. Rf2 e6 21. Raf1 Qe7 22. Kh1 Qh4 23. Rg2 Bh6 24.
Be1 Qh5 25. Rgf2 Qh3 26. Qe2 Bf4 27. Rg2 Qh5 28. Kg1 Bg5 29. Rg3 Bh4 30. Rg2
Bxe1 31. Rxe1 Rxf3 32. Qc2 Qh4 33. Rd1 Qxd4+ 0-1

[Event "DMP - III LIGA SZACHOWA SENIOROW PK 2016"]
[Site "Czudec"]
[Date "2016.??.??"]
[Round "5.21"]
[White "Uryasz, Tomasz"]
[Black "Mis, Mieszko"]
[Result "0-1"]
[WhiteElo "1582"]
[BlackElo "2069"]
[Annotator "Szachy"]
[PlyCount "72"]
[EventDate "2016.??.??"]

1. e4 {[%emt 0:00:00]} d5 {[%emt 0:00:00]} 2. exd5 {[%emt 0:00:00]} Qxd5 3. Nc3
Qa5 4. d4 Nf6 5. Nf3 Bf5 6. Bd3 Bxd3 7. Qxd3 c6 8. O-O e6 9. Bf4 Be7 10. Ne4
Nxe4 11. Qxe4 Nd7 12. c4 O-O 13. a3 Nf6 14. Qc2 Rfd8 15. Rfd1 Rd7 16. b4 Qh5
17. Ne5 Rdd8 18. Rab1 Rac8 19. b5 cxb5 20. Rxb5 Rxc4 21. Nxc4 Qxb5 22. Ne3 Qd7
23. Qb2 Nd5 24. Bg3 Bf6 25. Rc1 h5 26. h4 a6 27. Nxd5 Qxd5 28. Rc7 Qxd4 29.
Qxb7 Bxh4 30. Kh2 Bxg3+ 31. fxg3 h4 32. Kh3 Qe3 33. Kxh4 Qh6+ 34. Kg4 f5+ 35.
Kf3 Rd3+ 36. Kf2 Qe3+ 0-1

[Event "DMP - III LIGA SZACHOWA SENIOROW PK 2016"]
[Site "Czudec"]
[Date "2016.??.??"]
[Round "5.22"]
[White "Kozak, Antoni"]
[Black "Tatarczany, Piotr"]
[Result "1-0"]
[WhiteElo "1932"]
[BlackElo "1548"]
[PlyCount "113"]
[EventDate "2016.??.??"]

1. e4 c5 2. Nf3 Nc6 3. Bb5 d6 4. d4 cxd4 5. Qxd4 Bd7 6. Bxc6 Bxc6 7. c4 e5 8.
Qd3 h6 9. Nc3 Nf6 10. O-O Be7 11. Rd1 O-O 12. Nd2 a6 13. a4 Qd7 14. Nf1 Rad8
15. a5 Ne8 16. Ne3 g6 17. b4 Nc7 18. Ned5 Bxd5 19. Nxd5 Nxd5 20. Qxd5 Kg7 21.
Be3 Qc6 22. Qd3 f5 23. f3 fxe4 24. fxe4 Qc8 25. Bb6 Rde8 26. Qd5 Qc6 27. Qxc6
bxc6 28. c5 dxc5 29. bxc5 Rf4 30. Re1 Ref8 31. Rad1 Kf7 32. Rd7 Ke6 33. Rc7
R8f6 34. Rxc6+ Kf7 35. Rxf6+ Rxf6 36. Rf1 Rxf1+ 37. Kxf1 Ke6 38. c6 Bb4 39. Ke2
Kd6 40. c7 Kd7 41. Kd3 Ba3 42. Kc4 Bb2 43. Kd5 Bc3 44. h3 Bb2 45. Be3 h5 46.
Bd2 Kxc7 47. Ke6 Kc6 48. Kf6 Kc5 49. Kxg6 Kd4 50. Kf5 Ba3 51. g4 hxg4 52. hxg4
Bf8 53. g5 Kd3 54. Be1 Bg7 55. Bb4 Kc4 56. Be7 Kd4 57. Bf6 1-0

[Event "DMP - III LIGA SZACHOWA SENIOROW PK 2016"]
[Site "Czudec"]
[Date "2016.??.??"]
[Round "5.23"]
[White "Rogus, Sylwester"]
[Black "Szpar, Milosz"]
[Result "0-1"]
[WhiteElo "1609"]
[BlackElo "1956"]
[Annotator "Szachy"]
[PlyCount "78"]
[EventDate "2016.??.??"]

1. e4 {[%emt 0:00:00]} c5 {[%emt 0:00:00]} 2. Nf3 Nc6 3. d4 cxd4 4. Nxd4 g6 5.
Be3 Bg7 6. Nc3 Nf6 7. Be2 O-O 8. O-O d6 9. Qd2 Ng4 10. Bxg4 Bxg4 11. f3 Bd7 12.
Rad1 Re8 13. Qf2 Ne5 14. Bc1 Rc8 15. Nd5 Qa5 16. a3 e6 17. Ne3 b5 18. Rd2 Nc4
19. Nxc4 bxc4 20. c3 d5 21. Nc2 Ba4 22. exd5 exd5 23. Nb4 Rcd8 24. Re2 Rxe2 25.
Qxe2 Re8 26. Qd2 Qc5+ 27. Kh1 d4 28. cxd4 Qxd4 29. Qxd4 Bxd4 30. Na2 f5 31. h3
Kf7 32. Nc3 Bc2 33. Bd2 Rb8 34. Re1 Rxb2 35. Nd5 Be4 36. fxe4 Rxd2 37. exf5
gxf5 38. Re7+ Kg6 39. Rc7 Rd1+ 0-1

[Event "DMP - III LIGA SZACHOWA SENIOROW PK 2016"]
[Site "Czudec"]
[Date "2016.??.??"]
[Round "5.24"]
[White "Cyboran, Katarzyna"]
[Black "Pedrak, Paulina"]
[Result "1-0"]
[WhiteElo "1823"]
[BlackElo "1572"]
[PlyCount "91"]
[EventDate "2016.??.??"]

1. e4 c5 2. Nf3 e6 3. d4 cxd4 4. Nxd4 a6 5. Nc3 Qc7 6. Be2 Nf6 7. O-O Bb4 8.
Qd3 d6 9. Bd2 Nbd7 10. Ncb5 axb5 11. Bxb4 Qc4 12. Qxc4 bxc4 13. Nb5 O-O 14.
Bxd6 Rd8 15. Nc7 Ra5 16. Bb4 Ra4 17. Be7 Rf8 18. Bxf8 Kxf8 19. f3 Ra5 20. b4
Ra4 21. a3 Nb6 22. Nb5 Bd7 23. Nd6 Ra7 24. Nxc4 Nxc4 25. Bxc4 b5 26. Bb3 Rc7
27. Rad1 Ke7 28. Rd2 Ra7 29. c4 bxc4 30. Bxc4 Rc7 31. Be2 Ne8 32. a4 Ra7 33. b5
Nd6 34. Ra2 Nb7 35. Rf2 Nc5 36. Bd1 Nb7 37. e5 Na5 38. f4 Nc4 39. Rfc2 Nb6 40.
a5 Nd5 41. b6 Rb7 42. Bf3 Bb5 43. Bxd5 exd5 44. a6 Rb8 45. a7 Ra8 46. b7 1-0

[Event "DMP - III LIGA SZACHOWA SENIOROW PK 2016"]
[Site "Czudec"]
[Date "2016.??.??"]
[Round "5.25"]
[White "Gierulski, Kamil"]
[Black "Piekarski, Lukasz"]
[Result "1-0"]
[WhiteElo "2165"]
[BlackElo "1971"]
[Annotator "Szachy"]
[PlyCount "39"]
[EventDate "2016.??.??"]

1. e4 {[%emt 0:00:00]} d6 2. d4 Nf6 3. Nc3 g6 4. f4 Bg7 5. Nf3 c5 6. dxc5 Qa5
7. Bd3 Qxc5 8. Qe2 O-O 9. Be3 Qb4 10. Bd2 Qc5 11. a3 Qb6 12. e5 Nfd7 13. Nd5
Qd8 14. h4 dxe5 15. O-O-O e6 16. Nc3 Nc6 17. h5 b5 18. hxg6 b4 19. gxf7+ Kxf7
20. Rxh7 1-0

[Event "DMP - III LIGA SZACHOWA SENIOROW PK 2016"]
[Site "Czudec"]
[Date "2016.??.??"]
[Round "5.26"]
[White "Pasionek, Ariel"]
[Black "Miasik, Adrian"]
[Result "0-1"]
[WhiteElo "1959"]
[BlackElo "1903"]
[Annotator "Szachy"]
[PlyCount "108"]
[EventDate "2016.??.??"]

1. e4 {[%emt 0:00:00]} e5 {[%emt 0:00:00]} 2. Nf3 Nc6 3. Bc4 Bc5 4. O-O d6 5.
h3 h6 6. c3 Qe7 7. d4 Bb6 8. dxe5 dxe5 9. Qe2 Nf6 10. Be3 O-O 11. Na3 Bxe3 12.
Qxe3 a6 13. Bd5 Bd7 14. Rfd1 b5 15. Nc2 Rae8 16. a4 Nxd5 17. Rxd5 Be6 18. Rc5
Na5 19. Nd2 Rd8 20. b4 Rxd2 21. Qxd2 Nb3 22. Qe3 Nxa1 23. Nxa1 bxa4 24. Nc2 Qd6
25. Qe2 Rd8 26. Ne3 a3 27. Ra5 a2 28. c4 Qxb4 29. Rxa2 a5 30. Nd5 Bxd5 31. exd5
Rb8 32. Kh2 a4 33. Qc2 Qb3 34. g4 Qxc2 35. Rxc2 Kf8 36. Re2 Rb4 37. c5 Ke7 38.
Kg2 Rc4 39. Kf3 f6 40. h4 Rf4+ 41. Kg3 Rd4 42. g5 hxg5 43. hxg5 fxg5 44. Ra2
Rxd5 45. Rxa4 Rxc5 46. Kg4 Kf6 47. Ra8 Rc4+ 48. Kg3 c5 49. Rf8+ Ke6 50. Re8+
Kd5 51. f3 Rd4 52. Rd8+ Kc4 53. Re8 Rd5 54. Kf2 Kd3 0-1

[Event "DMP - III LIGA SZACHOWA SENIOROW PK 2016"]
[Site "Czudec"]
[Date "2016.??.??"]
[Round "5.27"]
[White "Luka, Krzysztof"]
[Black "Krynicki, Henryk"]
[Result "1/2-1/2"]
[WhiteElo "1876"]
[BlackElo "1758"]
[Annotator "Szachy"]
[PlyCount "99"]
[EventDate "2016.??.??"]

1. d4 {[%emt 0:00:00]} Nf6 {[%emt 0:00:00]} 2. c4 {[%emt 0:00:00]} c5 {[%emt 0:
00:28]} 3. d5 {[%emt 0:00:00]} g6 4. Nc3 Bg7 5. e4 d6 6. Bd3 e5 7. dxe6 fxe6 8.
f3 Nh5 9. Be3 O-O 10. Nge2 Nc6 11. Qd2 Ne5 12. Rd1 Rxf3 13. Bg5 Nxd3+ 14. Qxd3
Rxd3 15. Bxd8 Rxd1+ 16. Kxd1 Bd7 17. Bc7 Be5 18. Kc2 Re8 19. Bxd6 Bxd6 20. Rd1
Bc6 21. Rxd6 Nf6 22. Nf4 Kf7 23. Rd2 Nxe4 24. Nxe4 Bxe4+ 25. Kc3 Bc6 26. Nd3 e5
27. Nxc5 e4 28. Rf2+ Ke7 29. b4 e3 30. Re2 Kd6 31. Kd3 b6 32. Nb3 Be4+ 33. Kd4
Bxg2 34. Rxe3 Rxe3 35. Kxe3 Bf1 36. Kd4 g5 37. Nd2 Bg2 38. Ne4+ Bxe4 39. Kxe4
Ke6 40. c5 bxc5 41. bxc5 a5 42. c6 a4 43. c7 Kd7 44. c8=Q+ Kxc8 45. Kf5 Kd7 46.
Kxg5 Kc6 47. Kh6 Kc5 48. Kxh7 Kb4 49. h4 Ka3 50. Kg8 1/2-1/2

[Event "DMP - III LIGA SZACHOWA SENIOROW PK 2016"]
[Site "Czudec"]
[Date "2016.??.??"]
[Round "5.29"]
[White "Babiarz, Arkadiusz"]
[Black "Chmielowski, Dominik"]
[Result "1-0"]
[WhiteElo "1656"]
[BlackElo "1595"]
[Annotator "Szachy"]
[PlyCount "57"]
[EventDate "2016.??.??"]

1. e4 {[%emt 0:00:00]} c6 2. c4 g6 3. d4 Bg7 4. Nc3 d6 5. Be3 Nf6 6. Qd2 Nbd7
7. Nf3 O-O 8. Be2 a6 9. O-O c5 10. d5 Ne8 11. a3 Nc7 12. b4 b5 13. Bh6 bxc4 14.
Bxc4 Nb6 15. Bd3 f5 16. Rac1 c4 17. Be2 fxe4 18. Nxe4 Nbxd5 19. Bxc4 Bb7 20.
Bxg7 Kxg7 21. Neg5 Qd7 22. Nd4 Rf6 23. Ba2 h6 24. Ne4 Rf4 25. Nc3 Qg4 26. Nde2
Ne3 27. Nxf4 Nxg2 28. f3 Nxf4+ 29. fxg4 1-0

[Event "DMP - III LIGA SZACHOWA SENIOROW PK 2016"]
[Site "Czudec"]
[Date "2016.??.??"]
[Round "5.30"]
[White "Michalska, Marta"]
[Black "Trybowska, Barbara"]
[Result "1-0"]
[WhiteElo "1570"]
[BlackElo "1668"]
[Annotator "Szachy"]
[PlyCount "59"]
[EventDate "2016.??.??"]

1. c4 {[%emt 0:00:00]} c6 2. Nc3 d5 3. cxd5 cxd5 4. d4 Nf6 5. Nf3 Bf5 6. Bf4 a6
7. Qb3 b6 8. Rc1 e6 9. Na4 b5 10. Bc7 Qe7 11. Nb6 Qb4+ 12. Qxb4 Bxb4+ 13. Kd1
Ne4 14. Bg3 Nd7 15. Nxa8 O-O 16. Nc7 Nb6 17. Nxa6 Be7 18. Nc5 Nc4 19. b3 Nb2+
20. Ke1 Ra8 21. Nh4 Nxc5 22. Nxf5 exf5 23. dxc5 Rxa2 24. Be5 Bd8 25. f3 Ba5+
26. Bc3 Bxc3+ 27. Rxc3 Ra1+ 28. Kd2 Ra2 29. Rc2 d4 30. c6 1-0

[Event "DMP - III LIGA SZACHOWA SENIOROW PK 2016"]
[Site "Czudec"]
[Date "2016.??.??"]
[Round "5.4"]
[White "Juszczuk, Grzegorz"]
[Black "Wozny, Tomasz"]
[Result "1/2-1/2"]
[WhiteElo "1861"]
[BlackElo "1758"]
[PlyCount "26"]
[EventDate "2016.??.??"]

1. d4 d5 2. Nf3 Nf6 3. Bf4 c6 4. e3 Nbd7 5. Bd3 e6 6. O-O Be7 7. c4 O-O 8. Nc3
dxc4 9. Bxc4 b5 10. Bd3 Bb7 11. Ne5 Rc8 12. h3 a6 13. a3 h6 1/2-1/2